01127nam a2200265 i 4500001000300000245013800003246011000141260004800251300002600299490002800325500011200353650002600465650002000491655003000511700002800541700003100569700004100600830002800641020001500669040000800684041001300692080001700705008004100722856009800763bg10aProjektowanie organizacyjne /cPhyllis F. Schlesinger [et al.] ; przekł. Michał Rusiński, red. nauk. przekł. Wojciech Gasparski. iTyt. oryg.:aOrganization. Text, cases and readings on the management of organizational design and change aWarszawa :bWydawnictwo Naukowe PWN,c1999. a611, [1] s. ;c24 cm.1 aPrzedsiębiorczość aTyt. oryg.: "Organization. Text, cases and readings on the management of organizational design and change". 9aOrganizacjaxprojekty 9aKadryxpolityka aPodręczniki akademickie1 aSCHLESINGER, Phyllis F.1 aRUSIŃSKI, Michał.eTł.1 aGASPARSKI, Wojciechd(1936- ).eTł. aPrzedsiębiorczość a8301125942 cBPK1 apolheng a65.01(075.8) s pl f |000 0 pol  uhttp://koha.tu.koszalin.pl/cgi-bin/koha/opac-detail.pl?biblionumber=53163yKatalog online BPK